000
00355nam a2200157 4500
008
190603s2010||||CZ d
245
1
0
_a
KlĂșc
260
_c
2010
_b
OTTOVO NAKLADATELSTVI
_a
Praha
020
_a
9788073609306
_c
0
041
1
_a
slo
044
_a
CZ
100
1
_a
Vitale Joe
_9
1120
250
_a
1.vydanie
300
_a
192 s.
958
_a
A
999
_c
22471
_d
22471